000 01355 a2200301 4500
003 Nust
005 20170207154015.0
020 _a0-201-57168-4 (hft.) ;
040 _cNust
082 _a005.117
082 _a005.117
082 _a005.117
100 1 _aBooch, Grady
245 0 4 _aThe Unified Modeling Language user guide-(EBOOK)
_cGrady Booch, James Rumbaugh, Ivar Jacobson
260 _aHarlow :
_bAddison-Wesley,
_ccop. 1999
300 _axxii, 482 s. :
_bill.
440 0 _aAddison-Wesley object technology series,
505 _aChapter 1. Introduction (Page-10) Chapter 2. An Outline Development Process (Page-56) Chapter 3. Use Cases (Page-98) Chapter 4. Class Diagrams: The Essentials (Page-111) Chapter 5. Interaction Diagrams (Page-133) Chapter 6. Class Diagrams: Advanced Concepts (Page-156) Chapter 7. Packages and Collaborations (Page-172) Chapter 8. State Diagrams (Page-189) Chapter 9. Activity Diagrams (Page-214) Chapter 10. Physical Diagrams (Page-235) Chapter 11. UML and Programming (Page-276)
650 0 _aObject oriented programming (Computer science)
650 0 _aObject-oriented programming
650 0 _aObjektorienterad programmering
650 0 _aObjektorienterad programmering
650 0 _aUML
650 0 _aUML (Computer science)
651 _aEBOOK
700 1 _aJacobson, Ivar
700 1 _aRumbaugh, James
942 _2ddc
_cBK
999 _c191380
_d191380